<?xml version="1.0" encoding="UTF-8"?>
<collection xmlns="http://www.loc.gov/MARC21/slim">
 <record>
  <leader>00860ngm a22002415g 4500</leader>
  <controlfield tag="001">CEM.cems021818</controlfield>
  <controlfield tag="008">130507b1993##################0###0#####d</controlfield>
  <controlfield tag="005">20240916142000.0</controlfield>
  <datafield tag="245" ind1="1" ind2="0">
   <subfield code="a">Cómo aprovechar la presión atmosférica /</subfield>
   <subfield code="c">Videoteca CEA.</subfield>
  </datafield>
  <datafield tag="300" ind1=" " ind2=" ">
   <subfield code="a">10</subfield>
  </datafield>
  <datafield tag="490" ind1="0" ind2=" ">
   <subfield code="a">Cómo, por qué, para qué?</subfield>
  </datafield>
  <datafield tag="500" ind1=" " ind2=" ">
   <subfield code="a">En soporte VHS, consultar en ventanilla.</subfield>
  </datafield>
  <datafield tag="505" ind1="0" ind2=" ">
   <subfield code="a">Efectos de la presión. Variaciones: cómo se miden. Fenómenos provocados por la presión. Compresión.</subfield>
  </datafield>
  <datafield tag="538" ind1=" " ind2=" ">
   <subfield code="a">Soporte: VHS - Norma: Pal N - Color - Grabación DRD 1993 - Hitachi=2979</subfield>
  </datafield>
  <datafield tag="110" ind1="2" ind2=" ">
   <subfield code="a">Videoteca CEA.</subfield>
  </datafield>
  <datafield tag="082" ind1="5" ind2="3">
   <subfield code="/">CEA-3</subfield>
  </datafield>
  <datafield tag="653" ind1=" " ind2=" ">
   <subfield code="a">FISICA</subfield>
  </datafield>
  <datafield tag="653" ind1=" " ind2=" ">
   <subfield code="a">PRESION ATMOSFERICA</subfield>
  </datafield>
  <datafield tag="653" ind1=" " ind2=" ">
   <subfield code="a">CLIMATOLOGIA</subfield>
  </datafield>
  <datafield tag="653" ind1=" " ind2=" ">
   <subfield code="a">CLIMA</subfield>
  </datafield>
  <datafield tag="653" ind1=" " ind2=" ">
   <subfield code="a">NIVEL PRIMARIO</subfield>
  </datafield>
  <datafield tag="653" ind1=" " ind2=" ">
   <subfield code="a">NIVEL SECUNDARIO</subfield>
  </datafield>
  <datafield tag="859" ind1=" " ind2=" ">
   <subfield code="a">CEMS</subfield>
   <subfield code="b">BIB. CEMS - Depto. Recursos Didacticos</subfield>
   <subfield code="h">530</subfield>
   <subfield code="i">CEA-3</subfield>
   <subfield code="k">DRD</subfield>
   <subfield code="p">461.12</subfield>
   <subfield code="t">Ej.1</subfield>
  </datafield>
 </record>
</collection>
